BIBLIOTECA

SENCICO

Actas del Séptimo Congreso Nacional de Historia de la Construcción. Valencia, 21 - 24 de octubre de 2009. Volumen II (Registro nro. 1025)

Detalles MARC
000 -LEADER
fixed length control field 00814nam a2200277Ia 4500
005 - DATE AND TIME OF LATEST TRANSACTION
control field 20251020182456.0
008 - FIXED-LENGTH DATA ELEMENTS--GENERAL INFORMATION
fixed length control field 200515s9999 xx 000 0 und d
020 ## - INTERNATIONAL STANDARD BOOK NUMBER
International Standard Book Number 978-84-9728-316-8
082 ## - DEWEY DECIMAL CLASSIFICATION NUMBER
Classification number 624.05/H97/2009/2
100 ## - MAIN ENTRY--PERSONAL NAME
Personal name Huerta, Santiago
100 ## - MAIN ENTRY--PERSONAL NAME
Personal name Marín, Rafael
100 ## - MAIN ENTRY--PERSONAL NAME
Personal name Soler, Rafael
100 ## - MAIN ENTRY--PERSONAL NAME
Personal name Zaragozá, Arturo
245 #0 - TITLE STATEMENT
Title Actas del Séptimo Congreso Nacional de Historia de la Construcción. Valencia, 21 - 24 de octubre de 2009. Volumen II
260 ## - PUBLICATION, DISTRIBUTION, ETC.
Place of publication, distribution, etc. Madrid
260 ## - PUBLICATION, DISTRIBUTION, ETC.
Name of publisher, distributor, etc. Instituto Juan de Herrera
260 ## - PUBLICATION, DISTRIBUTION, ETC.
Date of publication, distribution, etc. 2009
300 ## - PHYSICAL DESCRIPTION
Extent 1465 p.
300 ## - PHYSICAL DESCRIPTION
Other physical details il., tbl., graf.
490 ## - SERIES STATEMENT
Series statement TEXTOS SOBRE TEORÍA E HISTORIA DE LAS CONSTRUCCIONES
500 ## - GENERAL NOTE
General note 1 ejemplar. Volumen II
650 ## - SUBJECT ADDED ENTRY--TOPICAL TERM
Topical term or geographic name entry element CONSTRUCCION
650 ## - SUBJECT ADDED ENTRY--TOPICAL TERM
Topical term or geographic name entry element HISTORIA
942 ## - ADDED ENTRY ELEMENTS (KOHA)
Koha item type Libros
Existencias
Fecha de la última vez que lo usaron Pago total Signatura topográfica completa Código de barras Precio efectivo desde Tipo de documento Estado perdido Estado dañado No es para préstamo Retirado Ubicación permanente Ubicación actual Fecha de adquisición
15/05/2020   624.05/H97/2009/2 Bib-Lima15051025 15/05/2020 Libros         Biblioteca Central Lima Biblioteca Central Lima 15/05/2020